Normal view
MARC view
- ARISTIGUETA, MARIA P, HALL, JEREMY L
Entry Personal Name
001 - CONTROL NUMBER
- control field: 70366
003 - CONTROL NUMBER IDENTIFIER
- control field: NUST
005 - DATE AND TIME OF LATEST TRANSACTION
- control field: 20210628204436.0
008 - FIXED-LENGTH DATA ELEMENTS
- fixed length control field: 210628|| aca||aabn | a|a d
040 ## - CATALOGING SOURCE
- Original cataloging agency: NUST
- Transcribing agency: NUST
100 ## - HEADING--PERSONAL NAME
- Personal name: ARISTIGUETA, MARIA P, HALL, JEREMY L
670 ## - SOURCE DATA FOUND
- Source citation: Work cat.: (NUST): Poister, Theodore H 21830, Managing and measuring performance in public and nonprofit organizations, an integrated approach, 2015
